| 000 | 00493nam a2200193Ia 4500 | ||
|---|---|---|---|
| 008 | 220531s9999 xx 000 0 und d | ||
| 041 | _aeng | ||
| 082 | _bENV / SAN | ||
| 100 |
_aSantra, S. C. _979401 |
||
| 245 | _aEnvironmental Science | ||
| 250 | _a3RD | ||
| 260 |
_alondon _bNew Central Book Agency _c2016 |
||
| 300 | _a1529 | ||
| 542 | _d20-04-2017 | ||
| 551 |
_aGeography _bGrantable-GEO |
||
| 650 |
_aEnviornment _979402 |
||
| 906 |
_d2017-2018 _f10535 |
||
| 999 |
_c43944 _d43944 |
||